000
00298nam a2200133Ia 4500
003
OSt
005
20231130053606.0
008
170523s9999 xx 000 0 und d
020
_a
978-0-07-047292-1
040
_c
IIMT
100
_a
joshi- sa
245
0
_a
nutrition and dietetics
942
_2
ddc
_c
02
999
_c
11432
_d
11432